| 000 | 00548nam a2200157 a 4500 | ||
|---|---|---|---|
| 001 | 000042107 | ||
| 005 | 20201002035938.0 | ||
| 008 | 131114s1916 sp 000 0 spa d | ||
| 040 |
_aDO-SdBNP _bspa _cBNPHU |
||
| 082 |
_axxxxx _bxxxxx |
||
| 100 | 1 |
_aZorrilla de San Martín, Juan _969107 |
|
| 245 | 1 | 3 |
_aLa epopeya de artigas : _bhistoria de los tiempos heróicos de la República Oriental del Uruguay / _cJuan Zorrilla de San Martín. |
| 250 | _a2a ed. corregida y ampliada | ||
| 260 |
_aBarcelona : _bLuis Gili, _c1916. |
||
| 300 |
_a750 p. ; _c19 cm. |
||
| 999 |
_c41596 _d41596 |
||